[Event "Lliga Catalana eq. DH"]
[Site "?"]
[Date "2014.04.05"]
[Round "11.9"]
[White "Vallverdu Miret, O."]
[Black "Almirall Botella, J."]
[Result "1/2-1/2"]
[WhiteElo "2197"]
[BlackElo "2147"]
[PlyCount "32"]
[EventDate "2014.??.??"]
[EventType "team"]
[EventCountry "ESP"]

1. d4 d5 2. Nf3 e6 3. Bf4 f5 4. g3 Nf6 5. Bg2 Be7 6. Nbd2 O-O 7. O-O Nbd7 8. c4
Ne4 9. Ne5 Nxe5 10. Bxe5 Nxd2 11. Qxd2 Bf6 12. cxd5 exd5 13. Qa5 c6 14. Qxd8
Bxd8 15. Rae1 Be7 16. f3 Be6 1/2-1/2

[Event "Lliga Catalana eq. DH"]
[Site "?"]
[Date "2014.04.05"]
[Round "11.10"]
[White "Bielecki, P."]
[Black "Casanovas Cantarero, E."]
[Result "0-1"]
[WhiteElo "2119"]
[BlackElo "1916"]
[PlyCount "80"]
[EventDate "2014.??.??"]
[EventType "team"]
[EventCountry "ESP"]

1. e4 d5 2. exd5 Qxd5 3. Nc3 Qa5 4. d4 Nf6 5. Nf3 Bf5 6. Ne5 c6 7. Bc4 e6 8. g4
Bg6 9. h4 Nbd7 10. Nxd7 Nxd7 11. h5 Be4 12. O-O Bd5 13. Nxd5 cxd5 14. Bd3 Be7
15. Qf3 h6 16. b3 Nf6 17. Bf4 O-O 18. g5 hxg5 19. Bxg5 Qb4 20. c3 Qd6 21. h6
Ne4 22. Bf4 Ng5 23. Qg3 Qxf4 24. hxg7 Qxg3+ 25. fxg3 Kxg7 26. Kg2 Rh8 27. Rh1
Ba3 28. Rxh8 Rxh8 29. Rb1 Bd6 30. Re1 f5 31. c4 Ne4 32. cxd5 exd5 33. Re3 Kf6
34. Rf3 Rg8 35. Bxe4 dxe4 36. Rc3 Bxg3 37. Rxg3 Rxg3+ 38. Kxg3 Ke6 39. Kf4 Kd5
40. Ke3 f4+ 0-1

[Event "Lliga Catalana eq. DH"]
[Site "?"]
[Date "2014.04.05"]
[Round "11.10"]
[White "Borges Ayas, J."]
[Black "Alvarez Albiol, V."]
[Result "1-0"]
[WhiteElo "2100"]
[BlackElo "1971"]
[PlyCount "55"]
[EventDate "2014.??.??"]
[EventType "team"]
[EventCountry "ESP"]

1. e4 c5 2. Nf3 Nc6 3. d4 cxd4 4. Nxd4 e6 5. Nc3 a6 6. Be3 Qc7 7. Bd3 Nf6 8.
O-O Be7 9. Kh1 O-O 10. f4 d6 11. Qe2 Nb4 12. Rac1 Nxd3 13. cxd3 Qd7 14. Nb3 b5
15. Qf3 Rb8 16. Qg3 Rd8 17. f5 e5 18. Bh6 Bf8 19. Bg5 Be7 20. Bxf6 Bxf6 21. Nd5
Kh8 22. Rc7 Qe8 23. Nxf6 gxf6 24. Qh4 Kg8 25. Rf3 Rd7 26. Qh6 Rxc7 27. Rg3+ Kh8
28. Qg7# 1-0

[Event "Lliga Catalana eq. DH"]
[Site "?"]
[Date "2014.04.05"]
[Round "11.10"]
[White "Garcia Castillo, JA."]
[Black "Rivas Garcia, V."]
[Result "0-1"]
[WhiteElo "2133"]
[BlackElo "2331"]
[PlyCount "70"]
[EventDate "2014.??.??"]
[EventType "team"]
[EventCountry "ESP"]

1. b3 d6 2. e3 e5 3. Bb2 f5 4. f4 e4 5. Nh3 Nf6 6. Be2 Be7 7. Nf2 Be6 8. c4 O-O
9. d4 d5 10. c5 b6 11. b4 a5 12. a3 axb4 13. axb4 Rxa1 14. Bxa1 c6 15. O-O b5
16. g4 fxg4 17. Bxg4 Nxg4 18. Nxg4 Nd7 19. Bc3 Qe8 20. Kh1 Qh5 21. Nf2 Qxd1 22.
Rxd1 Ra8 23. Nd2 Ra3 24. Rc1 Bh4 25. Kg2 Nf6 26. Nf1 Ra2 27. Bd2 Ng4 28. Nd1 g5
29. Nc3 Nxe3+ 30. Kh1 Nxf1 31. Nxa2 Nxd2 32. Rg1 Nf3 33. Rg2 Bh3 34. fxg5 Bxg2+
35. Kxg2 Bxg5 0-1

[Event "Lliga Catalana eq. DH"]
[Site "?"]
[Date "2014.04.05"]
[Round "11.10"]
[White "Gardela Batlle, J."]
[Black "Teixido Ponce, A."]
[Result "1-0"]
[WhiteElo "2243"]
[BlackElo "1814"]
[PlyCount "55"]
[EventDate "2014.??.??"]
[EventType "team"]
[EventCountry "ESP"]

1. Nf3 d5 2. c4 e6 3. g3 dxc4 4. Bg2 c6 5. Qc2 b5 6. a4 Bb7 7. O-O Nf6 8. Rd1
Nbd7 9. d3 cxd3 10. Qxd3 a6 11. Nc3 Be7 12. Nd4 Rc8 13. axb5 axb5 14. Ndxb5 O-O
15. Nd6 Bxd6 16. Qxd6 Qb6 17. Be3 Qxb2 18. Rab1 Qxc3 19. Rxb7 Qc4 20. Rxd7 Nxd7
21. Qxd7 Qxe2 22. Bc5 Rfe8 23. Be7 Qc2 24. Ra1 Ra8 25. Ra7 Qb1+ 26. Bf1 Qb8 27.
Rc7 Rc8 28. Bd8 1-0

[Event "Lliga Catalana eq. DH"]
[Site "?"]
[Date "2014.04.05"]
[Round "11.10"]
[White "Gonzalez Alonso, F."]
[Black "Bedoya Ribo, J."]
[Result "1/2-1/2"]
[WhiteElo "1984"]
[BlackElo "1977"]
[PlyCount "77"]
[EventDate "2014.??.??"]
[EventType "team"]
[EventCountry "ESP"]

1. d4 d5 2. Nf3 Nf6 3. Bf4 e6 4. h3 c5 5. c3 Nc6 6. e3 Bd6 7. Bxd6 Qxd6 8. Be2
O-O 9. O-O e5 10. dxe5 Nxe5 11. Nxe5 Qxe5 12. Nd2 Bf5 13. Rc1 Rad8 14. Qa4 a6
15. Nf3 Qe7 16. Qd1 Rfe8 17. Re1 Qc7 18. Bd3 Be4 19. Qe2 Qa5 20. a3 Qb6 21. Rb1
Qa5 22. Nd2 Bxd3 23. Qxd3 d4 24. exd4 Rxe1+ 25. Rxe1 cxd4 26. cxd4 Qb6 27. Nb3
a5 28. Qc4 g6 29. a4 Rd7 30. Rc1 Kg7 31. Rc2 Nd5 32. Rd2 h6 33. Nc5 Rd8 34. Re2
Qc6 35. b3 Nf4 36. Re4 g5 37. Qb5 Rxd4 38. Qxc6 bxc6 39. Rxd4 1/2-1/2

[Event "Lliga Catalana eq. DH"]
[Site "?"]
[Date "2014.04.05"]
[Round "11.10"]
[White "Moreno Robert, E."]
[Black "Garcia Ramos, D."]
[Result "0-1"]
[WhiteElo "2099"]
[BlackElo "2142"]
[PlyCount "92"]
[EventDate "2014.??.??"]
[EventType "team"]
[EventCountry "ESP"]

1. d4 f5 2. Nf3 Nf6 3. Bf4 e6 4. e3 b6 5. Nbd2 Bb7 6. c4 Be7 7. a3 O-O 8. Bd3
d6 9. b4 Ne4 10. h4 Bf6 11. Bxe4 fxe4 12. Ng5 Bxg5 13. Bxg5 Qe8 14. Qg4 Kh8 15.
h5 h6 16. Bf4 Nd7 17. Qh4 e5 18. dxe5 Nxe5 19. Bxe5 Qxe5 20. O-O c5 21. Rad1
Rf5 22. Qh2 Rxh5 23. Qxe5 Rxe5 24. Nb3 d5 25. cxd5 Bxd5 26. Rb1 Bc4 27. Rfd1
Bd3 28. Rbc1 c4 29. Nd4 Rc8 30. Rc3 b5 31. Ra1 Rf8 32. Ra2 Rf6 33. Ra1 Kh7 34.
g3 h5 35. Kg2 a6 36. Rh1 g6 37. Rh4 Re7 38. Rf4 Rxf4 39. gxf4 Kg7 40. f3 Kf6
41. Kg3 h4+ 42. Kxh4 exf3 43. Nxf3 Rxe3 44. Kg3 Kf5 45. Kg2 Kxf4 46. Nh4 Re2+
0-1

[Event "Lliga Catalana eq. DH"]
[Site "?"]
[Date "2014.04.05"]
[Round "11.10"]
[White "Rahal, M."]
[Black "Ibañez Tarradellas, E."]
[Result "1/2-1/2"]
[WhiteElo "2426"]
[BlackElo "2400"]
[PlyCount "38"]
[EventDate "2014.??.??"]
[EventType "team"]
[EventCountry "ESP"]

1. e4 d5 2. exd5 Nf6 3. Nc3 Nxd5 4. Bc4 Nxc3 5. Qf3 e6 6. Qxc3 Nd7 7. Nf3 Nb6
8. Bb3 Nd5 9. Qe5 Qd6 10. O-O Qxe5 11. Nxe5 Bd6 12. Re1 O-O 13. d4 b6 14. Nc4
Be7 15. Ne3 Nxe3 16. Bxe3 Bf6 17. c3 Bb7 18. Bf4 Rac8 19. Rad1 Rfd8 1/2-1/2

[Event "Lliga Catalana eq. DH"]
[Site "?"]
[Date "2014.04.05"]
[Round "11.10"]
[White "Schoonen, I."]
[Black "Casanellas Ruano, L."]
[Result "0-1"]
[WhiteElo "1700"]
[BlackElo "2254"]
[PlyCount "56"]
[EventDate "2014.??.??"]
[EventType "team"]
[EventCountry "ESP"]

1. e4 c6 2. Nc3 d5 3. exd5 cxd5 4. d4 Nf6 5. Nf3 Bg4 6. Be2 e6 7. a3 Nc6 8. Bg5
Be7 9. Ne5 Bxe2 10. Nxc6 Bxd1 11. Nxd8 Bxc2 12. Nxb7 Rb8 13. Rc1 Bg6 14. Na4
Rxb7 15. Rc8+ Bd8 16. Bxf6 gxf6 17. Nc5 Rxb2 18. O-O Rg8 19. f3 Bd3 20. g4 Bxf1
21. Kxf1 h5 22. gxh5 Rh8 23. Nd3 Rb1+ 24. Ke2 Rxh5 25. Nb4 Rxh2+ 26. Ke3 Rb3+
27. Kf4 Kd7 28. Rc1 Rxa3 0-1

[Event "Lliga Catalana eq. DH"]
[Site "?"]
[Date "2014.04.05"]
[Round "12.2"]
[White "Beltran Rueda, S."]
[Black "Trepat Herranz, J."]
[Result "1-0"]
[WhiteElo "2455"]
[BlackElo "2416"]
[PlyCount "73"]
[EventDate "2014.??.??"]
[EventType "team"]
[EventCountry "ESP"]

1. Nf3 Nf6 2. c4 e6 3. g3 d5 4. Bg2 Be7 5. O-O O-O 6. d4 dxc4 7. Ne5 Nc6 8.
Bxc6 bxc6 9. Nxc6 Qe8 10. Nxe7+ Qxe7 11. Qa4 c5 12. Qxc4 cxd4 13. Qxd4 e5 14.
Qh4 Qe6 15. Nc3 Bb7 16. Bg5 Nd5 17. Ne4 Nf4 18. Bxf4 Bxe4 19. Be3 f5 20. Rfd1
Bd5 21. f3 f4 22. gxf4 e4 23. Bd4 exf3 24. Qg3 f2+ 25. Kxf2 Rxf4+ 26. Qxf4 Rf8
27. Qxf8+ Kxf8 28. Rg1 g6 29. Rg3 h5 30. Rc1 h4 31. Re3 Qf5+ 32. Ke1 Qf4 33.
Bc5+ Kg7 34. h3 a5 35. Rd1 Bc6 36. Re7+ Kf6 37. Rd6+ 1-0

[Event "Lliga Catalana eq. DH"]
[Site "?"]
[Date "2014.04.05"]
[Round "12.3"]
[White "Barbero Sendic, A."]
[Black "Fernandez Aguado, E."]
[Result "1-0"]
[WhiteElo "2416"]
[BlackElo "2407"]
[PlyCount "91"]
[EventDate "2014.??.??"]
[EventType "team"]
[EventCountry "ESP"]

1. e4 e5 2. Nf3 Nc6 3. Nc3 Nf6 4. g3 Bc5 5. Bg2 d6 6. d3 Bg4 7. h3 Be6 8. Na4
Bb4+ 9. c3 Ba5 10. b4 Bb6 11. b5 Ne7 12. Nxb6 axb6 13. Ng5 Bd7 14. c4 h6 15.
Nf3 O-O 16. O-O Be6 17. Kh2 Nd7 18. Nh4 Nc5 19. g4 c6 20. f4 f6 21. g5 fxg5 22.
fxg5 Rxf1 23. Bxf1 Qf8 24. Be3 hxg5 25. Nf3 Nb3 26. Qxb3 Qxf3 27. Bxg5 Ng6 28.
bxc6 bxc6 29. Qxb6 Qh5 30. Qe3 Rb8 31. Re1 Rb2+ 32. Re2 Bxh3 33. Rxb2 Bxf1+ 34.
Kg1 Bxd3 35. Rb8+ Kh7 36. Rb3 Qd1+ 37. Kh2 Qh5+ 38. Qh3 Qxh3+ 39. Kxh3 Bxc4 40.
Rb2 Bd3 41. Rd2 Bxe4 42. Rxd6 c5 43. Kg3 c4 44. Kf2 c3 45. Ke3 c2 46. Kxe4 1-0

[Event "Lliga Catalana eq. DH"]
[Site "?"]
[Date "2014.04.05"]
[Round "12.4"]
[White "Marcet Bisbal, A."]
[Black "Adel Lahchaichi, O."]
[Result "1-0"]
[WhiteElo "2372"]
[BlackElo "2343"]
[PlyCount "59"]
[EventDate "2014.??.??"]
[EventType "team"]
[EventCountry "ESP"]

1. d4 Nf6 2. c4 c5 3. d5 b5 4. Nf3 d6 5. Qc2 g6 6. e4 b4 7. a3 a5 8. axb4 cxb4
9. h3 Bg7 10. c5 dxc5 11. Bb5+ Bd7 12. Bc4 O-O 13. Bg5 Qc7 14. Nbd2 e6 15. d6
Qb7 16. e5 Nd5 17. Ne4 Rc8 18. O-O Bb5 19. Bxd5 exd5 20. Nf6+ Kh8 21. Rfd1 d4
22. e6 fxe6 23. Ne5 Be8 24. Qc4 Nd7 25. Qxe6 Nxf6 26. Bxf6 Ra6 27. Rxa5 Rxa5
28. d7 Raa8 29. Bxg7+ Kxg7 30. Qe7+ 1-0

[Event "Ct. Catalunya Absolut Final"]
[Site "Barcelona"]
[Date "2014.05.03"]
[Round "1.1"]
[White "Asis Gargatagli, H."]
[Black "Esplugas Esteve, V."]
[Result "0-1"]
[WhiteElo "2460"]
[BlackElo "2238"]
[PlyCount "62"]
[EventDate "2014.05.03"]
[EventType "k.o."]
[EventRounds "4"]
[EventCountry "ESP"]
[Source "Chessbase"]
[SourceDate "2014.05.17"]

1. e4 e6 2. d4 d5 3. Nd2 Be7 4. Ngf3 Nf6 5. Bd3 c5 6. e5 Nfd7 7. c3 Nc6 8. O-O
g5 9. dxc5 Ndxe5 10. Bb5 Ng6 11. Nb3 a6 12. Ba4 e5 13. Qe2 f6 14. Rd1 O-O 15.
Ne1 Bf5 16. Nc2 Nf4 17. Bxf4 gxf4 18. c4 d4 19. Bxc6 d3 20. Qf3 bxc6 21. Nb4
Qe8 22. Nxc6 Rc8 23. Nb4 Qg6 24. Nd5 Rf7 25. Nxe7+ Rxe7 26. Qd5+ Kh8 27. Qd6
Rg7 28. g3 Qh6 29. Re1 Qh3 30. Kh1 f3 31. Rg1 Rg6 0-1

[Event "Ct. Catalunya Absolut Final"]
[Site "Barcelona"]
[Date "2014.05.03"]
[Round "1.1"]
[White "Barbero Sendic, A."]
[Black "Muñoz Pantoja, M."]
[Result "0-1"]
[WhiteElo "2348"]
[BlackElo "2457"]
[PlyCount "112"]
[EventDate "2014.05.03"]
[EventType "k.o."]
[EventRounds "4"]
[EventCountry "ESP"]
[Source "Chessbase"]
[SourceDate "2014.05.17"]

1. d4 c5 2. dxc5 e6 3. Nc3 Bxc5 4. Ne4 Nf6 5. Nxc5 Qa5+ 6. Bd2 Qxc5 7. e3 Nc6
8. Nf3 O-O 9. a3 a5 10. Bd3 e5 11. e4 d5 12. Be3 Qd6 13. Nd2 h6 14. f3 Be6 15.
Qe2 dxe4 16. Nxe4 Nxe4 17. Bxe4 f5 18. Rd1 Qc7 19. Bd5 Bxd5 20. Rxd5 Rad8 21.
Rb5 Qf7 22. O-O Rfe8 23. c3 Nd4 24. Bxd4 exd4 25. Re5 dxc3 26. bxc3 Rxe5 27.
Qxe5 Rd2 28. Rf2 Rd5 29. Qf4 Qe7 30. Qc4 Qe1+ 31. Rf1 Qe3+ 32. Rf2 Qe6 33. Rf1
Kh7 34. h3 Qe3+ 35. Kh1 Rc5 36. Qf7 b5 37. h4 Qxc3 38. h5 Qf6 39. Qxf6 gxf6 40.
f4 b4 41. axb4 axb4 42. Rb1 Rc4 43. g3 Kg7 44. Kg2 Kf7 45. Kf3 Rc3+ 46. Ke2 b3
47. Rg1 b2 48. Rb1 Rxg3 49. Kd2 Rg2+ 50. Kd3 Ke6 51. Kd4 Kd6 52. Kc4 Kc6 53.
Kd4 Kb5 54. Re1 Kb4 55. Re8 Rd2+ 56. Ke3 Rd5 0-1

[Event "Ct. Catalunya Absolut Final"]
[Site "Barcelona"]
[Date "2014.05.03"]
[Round "1.1"]
[White "Diaz Camallonga, C."]
[Black "Vila Gazquez, X."]
[Result "1/2-1/2"]
[WhiteElo "2235"]
[BlackElo "2471"]
[PlyCount "75"]
[EventDate "2014.05.03"]
[EventType "k.o."]
[EventRounds "4"]
[EventCountry "ESP"]
[Source "Chessbase"]
[SourceDate "2014.05.17"]

1. e4 d5 2. exd5 Qxd5 3. Nc3 Qd6 4. d4 Nf6 5. Nf3 g6 6. g3 Bg7 7. Bg2 Qa6 8.
Bf4 c6 9. Ne5 Be6 10. Qd3 O-O 11. Qxa6 Nxa6 12. a3 Nd5 13. Nxd5 Bxd5 14. O-O
Bxg2 15. Kxg2 Rfd8 16. Rad1 c5 17. c3 cxd4 18. cxd4 Rac8 19. Rc1 g5 20. Rxc8
Rxc8 21. Rc1 Rd8 22. Be3 f6 23. Nf3 Kf7 24. g4 Rd7 25. h4 h6 26. hxg5 hxg5 27.
Nd2 Nc7 28. Ne4 b6 29. Ng3 Nb5 30. a4 Nc7 31. Kf3 e6 32. Rc6 Bf8 33. Ne4 Be7
34. Ke2 Nd5 35. Rc8 Bd8 36. Rc4 Bc7 37. Nc3 Nxc3+ 38. bxc3 1/2-1/2

[Event "Ct. Catalunya Absolut Final"]
[Site "Barcelona"]
[Date "2014.05.03"]
[Round "1.1"]
[White "Lacasa Diaz, JA."]
[Black "Aloma Vidal, R."]
[Result "0-1"]
[WhiteElo "2411"]
[BlackElo "2406"]
[PlyCount "84"]
[EventDate "2014.05.03"]
[EventType "k.o."]
[EventRounds "4"]
[EventCountry "ESP"]
[Source "Chessbase"]
[SourceDate "2014.05.17"]

1. e4 c6 2. d4 d5 3. e5 Bf5 4. h4 h5 5. c4 e6 6. Nc3 Ne7 7. Bg5 dxc4 8. Bxc4
Nd7 9. Nge2 Qb6 10. O-O f6 11. exf6 gxf6 12. Be3 Nd5 13. Bd3 Nxe3 14. fxe3 Bg4
15. Bg6+ Ke7 16. Qd3 Bh6 17. Ng3 Rag8 18. Rae1 f5 19. Bxh5 Bf8 20. Bxg4 Rxg4
21. Nce2 Rhxh4 22. Rf3 Ke8 23. Nf4 Bd6 24. Qc4 Rh6 25. Ngh5 Qxb2 26. e4 Bxf4
27. Nxf4 Rgh4 28. Nh3 Rxe4 29. Rxe4 Qb1+ 30. Kf2 Qxe4 31. Re3 Qd5 32. Qa4 Rh4
33. Qxa7 Rxd4 34. Rxe6+ Qxe6 35. Qxd4 Qxa2+ 36. Kg3 Qg8+ 37. Kf2 Qf8 38. Kf3
Qe7 39. Qh8+ Nf8 40. Qh6 Qe4+ 41. Kf2 Ne6 42. Qh7 c5 0-1

[Event "Ct. Catalunya Absolut Final"]
[Site "Barcelona"]
[Date "2014.05.03"]
[Round "1.1"]
[White "Mellado Triviño, J."]
[Black "Alonso Moyano, J."]
[Result "0-1"]
[WhiteElo "2443"]
[BlackElo "2402"]
[PlyCount "54"]
[EventDate "2014.05.03"]
[EventType "k.o."]
[EventRounds "4"]
[EventCountry "ESP"]
[Source "Chessbase"]
[SourceDate "2014.05.17"]

1. d4 f5 2. Bg5 h6 3. Bh4 g5 4. e4 Rh7 5. Qh5+ Rf7 6. Nf3 Nf6 7. Qg6 Nc6 8.
Bxg5 fxe4 9. Bxf6 exf6 10. Nc3 d5 11. Nxe4 Qe7 12. O-O-O dxe4 13. Bc4 f5 14. d5
Nd8 15. Bb5+ Bd7 16. Bxd7+ Kxd7 17. d6 cxd6 18. Rhe1 Qf6 19. Qh5 exf3 20. Qxf3
Nc6 21. Qb3 Kc7 22. Re6 Qg5+ 23. Kb1 Rf6 24. f4 Qg6 25. Re3 Re8 26. Rc3 Qxg2
27. Qa4 Kb8 0-1

[Event "Ct. Catalunya Absolut Final"]
[Site "Barcelona"]
[Date "2014.05.03"]
[Round "1.1"]
[White "Narciso Dublan, M."]
[Black "Pinsach Gelabert, A."]
[Result "1-0"]
[WhiteElo "2533"]
[BlackElo "2140"]
[PlyCount "47"]
[EventDate "2014.05.03"]
[EventType "k.o."]
[EventRounds "4"]
[EventCountry "ESP"]
[Source "Chessbase"]
[SourceDate "2014.05.17"]

1. d4 d5 2. c4 e6 3. Nc3 c5 4. cxd5 exd5 5. Nf3 Nc6 6. dxc5 d4 7. Na4 Bxc5 8.
Nxc5 Qa5+ 9. Bd2 Qxc5 10. Rc1 Qb6 11. e3 Nf6 12. Bc4 O-O 13. O-O Bg4 14. exd4
Rad8 15. Bc3 Bxf3 16. Qxf3 Nxd4 17. Qf4 Qd6 18. Qxd6 Rxd6 19. Bb4 Rc6 20. Bxf8
Kxf8 21. Rfd1 Rd6 22. Bf1 Ke7 23. Rc7+ Kd8 24. Rdc1 1-0

[Event "Ct. Catalunya Absolut Final"]
[Site "Barcelona"]
[Date "2014.05.03"]
[Round "1.1"]
[White "Perez Mitjans, O."]
[Black "Alexandrova, O."]
[Result "1/2-1/2"]
[WhiteElo "2402"]
[BlackElo "2420"]
[PlyCount "114"]
[EventDate "2014.05.03"]
[EventType "k.o."]
[EventRounds "4"]
[EventCountry "ESP"]
[Source "Chessbase"]
[SourceDate "2014.05.17"]

1. e4 c5 2. Nf3 e6 3. d3 Nc6 4. g3 d6 5. Bg2 Nf6 6. O-O Be7 7. Re1 O-O 8. c3
Bd7 9. d4 cxd4 10. cxd4 d5 11. exd5 Nxd5 12. Nc3 Nxc3 13. bxc3 Rc8 14. Bd2 Na5
15. Ne5 Bc6 16. Nxc6 Nxc6 17. Rb1 b6 18. h4 Bf6 19. Be4 Ne7 20. Qf3 Nd5 21. Qd3
g6 22. h5 Ne7 23. hxg6 hxg6 24. g4 Bg7 25. g5 Qd7 26. Qh3 Rfd8 27. Bg2 e5 28.
Rbd1 exd4 29. cxd4 Bxd4 30. Be3 Nf5 31. Be4 Nxe3 32. Qxd7 Rxd7 33. Rxe3 Bxe3
34. Rxd7 Bxg5 35. Bd5 Rf8 36. Rxa7 Bf6 37. Kg2 Kg7 38. Rd7 Bc3 39. f4 Bb4 40.
Kf3 Bc5 41. a4 Bb4 42. Rc7 Ba5 43. Rb7 Kf6 44. Kg4 Kg7 45. Kg5 Kg8 46. Bc4 Kg7
47. Bb3 Kg8 48. Rxf7 Rxf7 49. Kxg6 Kf8 50. Bxf7 Bd2 51. f5 Be3 52. f6 Bf2 53.
Bd5 Be3 54. Kf5 Bf2 55. Ke6 Be3 56. f7 Bf2 57. Kd7 Be3 1/2-1/2

[Event "Ct. Catalunya Absolut Final"]
[Site "Barcelona"]
[Date "2014.05.03"]
[Round "1.1"]
[White "Riera Morilla, E."]
[Black "Alonso Rosell, A."]
[Result "1/2-1/2"]
[WhiteElo "1976"]
[BlackElo "2531"]
[PlyCount "58"]
[EventDate "2014.05.03"]
[EventType "k.o."]
[EventRounds "4"]
[EventCountry "ESP"]
[Source "Chessbase"]
[SourceDate "2014.05.17"]

1. e4 e5 2. Nf3 Nc6 3. Bb5 a6 4. Ba4 Nge7 5. d4 exd4 6. Nxd4 g6 7. Bg5 Bg7 8.
Nxc6 bxc6 9. Nc3 h6 10. Be3 O-O 11. Qd2 Kh7 12. Bd4 d6 13. Bxg7 Kxg7 14. O-O-O
Be6 15. f4 c5 16. Nd5 Nxd5 17. exd5 Bd7 18. Qc3+ Kg8 19. Bxd7 Qxd7 20. Qf6 Rfe8
21. Rhe1 Qg4 22. g3 Rxe1 23. Rxe1 Qh5 24. f5 gxf5 25. Rf1 Re8 26. b3 Qg6 27.
Rxf5 Re2 28. h3 Qxf6 29. Rxf6 Re3 1/2-1/2

[Event "Ct. Catalunya Absolut Final"]
[Site "Barcelona"]
[Date "2014.05.04"]
[Round "1.2"]
[White "Alexandrova, O."]
[Black "Perez Mitjans, O."]
[Result "0-1"]
[WhiteElo "2420"]
[BlackElo "2402"]
[PlyCount "130"]
[EventDate "2014.05.03"]
[EventType "k.o."]
[EventRounds "4"]
[EventCountry "ESP"]
[Source "Chessbase"]
[SourceDate "2014.05.17"]

1. d4 d5 2. c4 c6 3. cxd5 cxd5 4. Nc3 Nc6 5. Bf4 Nf6 6. e3 Bf5 7. Qb3 Na5 8.
Qa4+ Bd7 9. Qc2 Rc8 10. Bd3 b5 11. Qe2 Nc4 12. Nf3 Qa5 13. O-O e6 14. e4 Nxb2
15. Nxd5 Nxd3 16. Nxf6+ gxf6 17. Qxd3 Ba3 18. Bd2 b4 19. Rfe1 Rg8 20. Rab1 Rg4
21. d5 e5 22. Qb3 Rb8 23. Qe3 Ke7 24. Qh6 Rbg8 25. d6+ Ke6 26. g3 Qb6 27. Be3
Qb8 28. Bc5 Qb5 29. Qe3 Qc4 30. Nd2 Qc3 31. Bxa7 Qxe3 32. Rxe3 Rc8 33. Nb3 Kxd6
34. f3 Rg6 35. Bc5+ Kc6 36. Rd3 Be6 37. Rd6+ Kb5 38. Rb6+ Kc4 39. Bd6 Kd3 40.
Bxb4 Bxb4 41. Rxb4 Ke3 42. a4 Rc2 43. a5 Rh6 44. Re1+ Kxf3 45. Rf1+ Kg4 46. Rf2
Rxf2 47. Kxf2 Rxh2+ 48. Ke3 Ra2 49. Nc5 Rxa5 50. Nd3 Ra3 51. Kd2 Kxg3 52. Rb8
Kf3 53. Rh8 Kxe4 54. Nc5+ Kd4 55. Nxe6+ fxe6 56. Rxh7 Ra2+ 57. Ke1 e4 58. Re7
f5 59. Rxe6 f4 60. Rb6 f3 61. Rb4+ Ke3 62. Rb3+ Kf4 63. Rb4 Kg3 64. Rxe4 f2+
65. Kf1 Ra1+ 0-1

[Event "Ct. Catalunya Absolut Final"]
[Site "Barcelona"]
[Date "2014.05.04"]
[Round "1.2"]
[White "Aloma Vidal, R."]
[Black "Lacasa Diaz, JA."]
[Result "1-0"]
[WhiteElo "2406"]
[BlackElo "2411"]
[PlyCount "55"]
[EventDate "2014.05.03"]
[EventType "k.o."]
[EventRounds "4"]
[EventCountry "ESP"]
[Source "Chessbase"]
[SourceDate "2014.05.17"]

1. d4 Nf6 2. Nf3 e6 3. e3 c5 4. Bd3 b6 5. O-O Bb7 6. c4 d6 7. Nc3 Nbd7 8. b3
Be7 9. Bb2 O-O 10. d5 exd5 11. cxd5 Ne5 12. e4 Nxf3+ 13. Qxf3 Nd7 14. Nb5 Bf6
15. Bxf6 Nxf6 16. a4 Nd7 17. Qg3 Ne5 18. Bc2 a6 19. Na3 b5 20. f4 Nd7 21. e5 g6
22. e6 Nf6 23. f5 Bxd5 24. exf7+ Rxf7 25. fxg6 hxg6 26. Qg5 Raa7 27. Bxg6 Rf8
28. Be4+ 1-0

[Event "Ct. Catalunya Absolut Final"]
[Site "Barcelona"]
[Date "2014.05.04"]
[Round "1.2"]
[White "Alonso Moyano, J."]
[Black "Mellado Triviño, J."]
[Result "0-1"]
[WhiteElo "2402"]
[BlackElo "2443"]
[PlyCount "81"]
[EventDate "2014.05.03"]
[EventType "k.o."]
[EventRounds "4"]
[EventCountry "ESP"]
[Source "Chessbase"]
[SourceDate "2014.05.17"]

1. e4 c5 2. Nc3 a6 3. a4 Nc6 4. g3 d6 5. Bg2 e5 6. Nge2 Nge7 7. d3 Nd4 8. O-O
Nec6 9. Nd5 Be7 10. Nxd4 exd4 11. Bd2 O-O 12. f4 Be6 13. Nxe7+ Qxe7 14. f5 Bd7
15. f6 gxf6 16. Bh6 Rfe8 17. Rf4 Ne5 18. Qh5 Ng6 19. Rf2 Qe5 20. Rf5 Bxf5 21.
exf5 Qe2 22. Qxe2 Rxe2 23. fxg6 hxg6 24. Bxb7 Rb8 25. Bxa6 Rxb2 26. Bc4 Rbxc2
27. Bf4 Rg2+ 28. Kf1 Rcf2+ 29. Ke1 Rxf4 30. Ra3 Rff2 31. Bd5 Rxh2 32. a5 Rb2
33. Ra1 Rhe2+ 34. Kf1 Re7 35. a6 Ra7 36. Bc4 Rb6 37. Ke2 d5 38. Bxd5 Rbxa6 39.
Rc1 Re7+ 40. Kf2 Ra3 41. Kg1 0-1

[Event "Ct. Catalunya Absolut Final"]
[Site "Barcelona"]
[Date "2014.05.04"]
[Round "1.2"]
[White "Alonso Rosell, A."]
[Black "Riera Morilla, E."]
[Result "1-0"]
[WhiteElo "2531"]
[BlackElo "1976"]
[PlyCount "81"]
[EventDate "2014.05.03"]
[EventType "k.o."]
[EventRounds "4"]
[EventCountry "ESP"]
[Source "Chessbase"]
[SourceDate "2014.05.17"]

1. Nf3 d5 2. g3 Nf6 3. Bg2 e6 4. O-O Be7 5. c4 O-O 6. b3 d4 7. e3 Nc6 8. d3 e5
9. e4 Bg4 10. h3 Bxf3 11. Qxf3 Nd7 12. Qe2 Nc5 13. Na3 Nb4 14. Rd1 a5 15. Nc2
Nxc2 16. Qxc2 Ne6 17. a3 Bg5 18. Bxg5 Qxg5 19. b4 b6 20. h4 Qe7 21. Qb3 Ra7 22.
Bh3 axb4 23. axb4 Rfa8 24. Rxa7 Rxa7 25. c5 bxc5 26. bxc5 Ra5 27. Bxe6 fxe6 28.
c6 Rc5 29. Qb7 Qd6 30. Ra1 Qxc6 31. Qc8+ Kf7 32. Ra8 h5 33. Qh8 Kg6 34. g4 hxg4
35. h5+ Kg5 36. Qxg7+ Kh4 37. Rg8 Rc1+ 38. Kg2 Rg1+ 39. Kxg1 Qc1+ 40. Kg2 Qf4
41. Qe7+ 1-0

[Event "Ct. Catalunya Absolut Final"]
[Site "Barcelona"]
[Date "2014.05.04"]
[Round "1.2"]
[White "Esplugas Esteve, V."]
[Black "Asis Gargatagli, H."]
[Result "0-1"]
[WhiteElo "2238"]
[BlackElo "2460"]
[PlyCount "78"]
[EventDate "2014.05.03"]
[EventType "k.o."]
[EventRounds "4"]
[EventCountry "ESP"]
[Source "Chessbase"]
[SourceDate "2014.05.17"]

1. d4 Nf6 2. c4 c5 3. d5 e6 4. Nc3 exd5 5. cxd5 d6 6. Nf3 g6 7. Bf4 a6 8. e4 b5
9. Qe2 Nh5 10. Bg5 f6 11. Be3 Nd7 12. a4 b4 13. Nb1 Be7 14. Nbd2 O-O 15. g4 Ng7
16. Nc4 Nb6 17. Nfd2 Nxc4 18. Nxc4 f5 19. gxf5 gxf5 20. Bg2 a5 21. Rg1 Bf6 22.
e5 dxe5 23. Bxc5 Ba6 24. Bxf8 Qxf8 25. b3 e4 26. Rd1 Kh8 27. Qe3 f4 28. Qb6 e3
29. d6 exf2+ 30. Kxf2 Bh4+ 31. Kf1 f3 32. Bh3 f2 33. Rxg7 Qxg7 34. d7 Qg1+ 35.
Ke2 Qe1+ 36. Rxe1 fxe1=Q+ 37. Kd3 Qd1+ 38. Ke4 Bb7+ 39. Ke5 Qd5+ 0-1

[Event "Ct. Catalunya Absolut Final"]
[Site "Barcelona"]
[Date "2014.05.04"]
[Round "1.2"]
[White "Muñoz Pantoja, M."]
[Black "Barbero Sendic, A."]
[Result "1-0"]
[WhiteElo "2457"]
[BlackElo "2348"]
[PlyCount "71"]
[EventDate "2014.05.03"]
[EventType "k.o."]
[EventRounds "4"]
[EventCountry "ESP"]
[Source "Chessbase"]
[SourceDate "2014.05.17"]

1. e4 e5 2. Nf3 d6 3. d4 exd4 4. Qxd4 a6 5. Nc3 Nc6 6. Qd2 Nf6 7. b3 Be7 8. Bb2
O-O 9. O-O-O Be6 10. Kb1 b5 11. Bd3 Nb4 12. Nd4 c5 13. Nxe6 fxe6 14. f4 Nd7 15.
Be2 Nb6 16. Bg4 e5 17. fxe5 dxe5 18. Nd5 N4xd5 19. Be6+ Kh8 20. Bxd5 Nxd5 21.
Qe1 Bh4 22. g3 Bf6 23. Rxd5 Qe7 24. g4 Bh4 25. Qc3 Qb7 26. Qh3 Bf2 27. Rxe5 Rf4
28. Rd1 Raf8 29. g5 Bd4 30. g6 h6 31. Rh5 Rxe4 32. Rxc5 Bxb2 33. Kxb2 Rfe8 34.
Qf5 Re2 35. Rd7 Qb8 36. Rxg7 1-0